{"text_format":"3","workbook":"xlsx","n_sheets":4,"sheets":["BID SUMMARY","LIGHTING","POWER & EQUIPMENT","SWITCH GEAR & FEEDERS"],"not_rendered":{"images":1,"defined_names":6},"read":"whole","date_system":"1900"}

{"sheet":"BID SUMMARY","index":0,"n_rows":54,"n_cols":5,"rows_kept":54,"merged":[[0,4,0,5],[0,9,0,10],[0,11,0,15],[1,4,1,5],[1,6,1,10],[2,0,2,2],[2,4,2,5],[2,6,2,10],[3,0,3,2]]}
[]
[{"$nulls":4},"Project Name:"]
["www.biddingpartners.com",{"$nulls":3},"Address:"]
["+1 (347) 994-0941"]
[]
["Company:"]
[]
["PROJECT NAME:","PROPOSED DISPENSARY."]
["LOCATION:","SUNLAND PARK, NEW MEXICO."]
["BID DUE DATE:","2023-09-15"]
[]
[null,null,"MATERIALS:","LABOR:"]
[]
[null,"LIGHTING QUOTE:",{"$f":"LIGHTING!K48","v":{"v":46271.062880000005,"d":"$46,271.06"}}]
[]
[null,"POWER & EQUIPMENT QUOTE:",{"$f":"'POWER & EQUIPMENT'!K98","v":{"v":29360.7962,"d":"$29,360.80"}}]
[]
[null,"SWITCH GEAR & FEEDERS",{"$f":"'SWITCH GEAR & FEEDERS'!K76","v":{"v":28050.18310952,"d":"$28,050.18"}}]
[]
[null,"LIGHTING (INSTALLTION ONLY):",{"$f":"LIGHTING!O48","v":{"v":15057.531894400003,"d":"$15,057.53"}},{"$f":"LIGHTING!M48","v":{"v":188.21914868000005,"d":"188.22"}}]
[]
[null,"POWER & EQUIPMENT (INSTALLTION ONLY):",{"$f":"'POWER & EQUIPMENT'!O98","v":{"v":8423.69280266667,"d":"$8,423.69"}},{"$f":"'POWER & EQUIPMENT'!M98","v":{"v":105.29616003333334,"d":"105.30"}}]
[]
[null,"SWITCHGEAR & FEEDER (INSTALLTION ONLY):",{"$f":"'SWITCH GEAR & FEEDERS'!O76","v":{"v":7938.42147448,"d":"$7,938.42"}},{"$f":"'SWITCH GEAR & FEEDERS'!M76","v":{"v":99.23026843100001,"d":"99.23"}}]
[]
[null,"UNITS:"]
[]
[null,"GENERAL MATERIAL COST:",{"$f":"C14+C16+C18","v":{"v":103682.04218952001,"d":"$103,682.04"}}]
[null,"CITY TAX (%):",{"v":0.1025,"d":"10.25%"}]
[null,"CITY TAX ($):",{"$f":"C28*C29","v":{"v":10627.4093244258,"d":"$10,627.41"}}]
[null,"TOTAL GENERAL MATERIAL:",{"$f":"C28+C30","v":{"v":114309.45151394581,"d":"$114,309.45"}}]
[]
[]
[null,"TOTAL LABOR HOURS:",{"$f":"D24+D22+D20","v":{"v":392.7455771443334,"d":"392.75"}},"HRS"]
[null,"MAN HOURLY RATE:",{"v":80,"d":"$80"},{"$f":"C34*C35","v":{"v":31419.646171546672,"d":"$31,420"}}]
[]
[null,"PROJECT MANAGEMENT (15%):",{"v":0.15,"d":"15.00%"},{"v":65,"d":"$65"}]
[null,"PROJECT MANAGEMENT (HRS):",{"$f":"C37*C34","v":58.911836571650014},{"$f":"C38*D37","v":{"v":3829.269377157251,"d":"$3,829.27"}}]
[]
[null,"SUPERINTENDENT (15%):",{"v":0.15,"d":"15.00%"},{"v":85,"d":"$85"}]
[null,"SUPERINTENDENT (HRS):",{"$f":"C40*C34","v":58.911836571650014},{"$f":"C41*D40","v":{"v":5007.506108590251,"d":"$5,007.51"}}]
[]
[null,"TOTAL LABOR:",null,{"$f":"D35+D38+D41","v":{"v":40256.42165729417,"d":"$40,256.42"}}]
[]
[]
[null,"MISCELLANOUS COST:",null,{"v":10000,"d":"$10,000"}]
[]
[null,"EQUIPMENT & RENTALS:",null,{"v":12000,"d":"$12,000"}]
[]
[]
[null,"SUBTOTAL:",null,{"$f":"C31+D43+D48","v":{"v":166565.87317123997,"d":"$166,565.87"}}]
[null,"MARK UP:",{"v":0.2,"d":"20.00%"},{"$f":"C52*D51","v":{"v":33313.174634248,"d":"$33,313.17"}}]
[]
[null,"TOTAL BID PROPOSAL:",null,{"$f":"D51+D52","v":{"v":199879.04780548796,"d":"$199,879.05"}}]

{"sheet":"LIGHTING","index":1,"n_rows":48,"n_cols":18,"rows_kept":48,"merged":[[0,0,0,17],[47,0,47,3],[48,0,48,3]]}
["Estimate of Materials and Cost of Construction"]
[]
[{"$nulls":3},"PROJECT:","PROPOSED DISPENSARY."]
[{"$nulls":3},"ADDRESS:","SUNLAND PARK, NEW MEXICO."]
[{"$nulls":3},"SCOPE:","ELECTRICAL WORK"]
[{"$nulls":3},"DATE","2023-09-15"]
[]
["SR #","REF. SHEET","DETAIL SHEET","CSI SECT.","DESCRIPTION","QTY.","WASTAGE","QTY WITH\nWASTAGE","UNIT OF\nMEASURMENT","UNIT MATERIAL COST","TOTAL MATERIAL COST","UNIT LABOR HOURS","TOTAL LABOR HOURS","UNIT LABOR COST","TOTAL LABOR COST","UNIT COST","TOTAL ITEM\nCOST","TOTAL TRADE\nCOST"]
[{"$f":"IF(I9<>\"\",1+MAX($A$3:A7),\"\")","v":""},null,null,"DIV. 26","ELECTRICAL",{"$nulls":12},{"$f":"SUM(Q12:Q46)","v":{"v":61328.5947744,"d":"$61,328.59"}}]
[{"$f":"IF(I10<>\"\",1+MAX($A$3:A9),\"\")","v":""}]
[{"$f":"IF(I11<>\"\",1+MAX($A$3:A10),\"\")","v":""},{"$nulls":3},"LIGHT FIXTURE"]
[{"$f":"IF(I12<>\"\",1+MAX($A$3:A11),\"\")","v":""}]
[{"$f":"IF(I13<>\"\",1+MAX($A$3:A12),\"\")","v":""},{"$nulls":3},"FLOOR PLAN"]
[{"$f":"IF(I14<>\"\",1+MAX($A$3:A13),\"\")","v":""}]
[{"$f":"IF(I15<>\"\",1+MAX($A$3:A14),\"\")","v":1},"E1.0","E2.0",null,"A - Recessed LED Light Fixture\n- Size : 12\"\n- Manf. : Halo\n- Model : SMD12R209SWHE",40,{"v":0,"d":"0%"},{"$f":"F15*(1+G15)","v":40},"EA",{"v":76.5,"d":"$76.50"},{"$f":"J15*H15","v":{"v":3060,"d":"$3,060.00"}},{"v":0.26775000000000004,"d":"0.27"},{"$f":"L15*H15","v":10.71},{"v":21.42,"d":"$21.4"},{"$f":"N15*H15","v":{"v":856.8000000000001,"d":"$856.80"}},{"$f":"J15+N15","v":{"v":97.92,"d":"$97.92"}},{"$f":"P15*H15","v":{"v":3916.8,"d":"$3,916.80"}}]
[{"$f":"IF(I16<>\"\",1+MAX($A$3:A15),\"\")","v":2},"E1.0","E2.0",null,"B - Bronze Dome Light Fixture\n- Size : 22\"\n- Manf. : Progress Lighting\n- Model : P5342-2030K9",12,{"v":0,"d":"0%"},12,"EA",{"v":312.71,"d":"$312.71"},{"$f":"J16*H16","v":{"v":3752.5199999999995,"d":"$3,752.52"}},{"v":1.0944850000000002,"d":"1.09"},{"$f":"L16*H16","v":{"v":13.133820000000002,"d":"13.13"}},{"v":87.5588,"d":"$87.6"},{"$f":"N16*H16","v":{"v":1050.7056,"d":"$1,050.71"}},{"$f":"J16+N16","v":{"v":400.2688,"d":"$400.27"}},{"$f":"P16*H16","v":{"v":4803.2256,"d":"$4,803.23"}}]
[{"$f":"IF(I17<>\"\",1+MAX($A$3:A16),\"\")","v":3},"E1.0","E2.0",null,"C - Pendant Bar Light\n- Size : 6\"\n- Manf. : Elegant Lighting\n- Model : LDPD2001",39,{"v":0,"d":"0%"},39,"EA",{"v":72.2,"d":"$72.20"},{"v":2815.8,"d":"$2,815.80"},{"v":0.25270000000000004,"d":"0.25"},{"v":9.855300000000002,"d":"9.86"},{"v":20.216,"d":"$20.2"},{"v":788.4240000000001,"d":"$788.42"},{"v":92.416,"d":"$92.42"},{"v":3604.2239999999997,"d":"$3,604.22"}]
[{"$f":"IF(I18<>\"\",1+MAX($A$3:A17),\"\")","v":4},"E1.0","E2.0",null,"XM - Dual Head Exit Light\n- Manf. : Lithonia Lighting",6,{"v":0,"d":"0%"},{"$f":"F18*(1+G18)","v":6},"EA",{"v":117,"d":"$117.00"},{"v":702,"d":"$702.00"},{"v":0.4095000000000001,"d":"0.41"},{"v":2.4570000000000007,"d":"2.46"},{"v":32.760000000000005,"d":"$32.8"},{"v":196.56000000000003,"d":"$196.56"},{"v":149.76,"d":"$149.76"},{"$f":"P18*H18","v":{"v":898.56,"d":"$898.56"}}]
[{"$f":"IF(I19<>\"\",1+MAX($A$3:A18),\"\")","v":5},"E1.0","E2.0",null,"XM - Four Head Exit Light\n- Manf : WareLight",3,{"v":0,"d":"0%"},3,"EA",{"v":148,"d":"$148.00"},{"$f":"J19*H19","v":{"v":444,"d":"$444.00"}},{"v":0.518,"d":"0.52"},{"$f":"L19*H19","v":{"v":1.554,"d":"1.55"}},{"v":41.440000000000005,"d":"$41.4"},{"$f":"N19*H19","v":{"v":124.32000000000002,"d":"$124.32"}},{"v":189.44,"d":"$189.44"},{"$f":"P19*H19","v":{"v":568.3199999999999,"d":"$568.32"}}]
[{"$f":"IF(I20<>\"\",1+MAX($A$3:A19),\"\")","v":6},"E1.0","E2.0",null,"E - Exterior Wall Sconce Light Emergency Battery Backup (Weather Proof)\n- Size : 7\"\n- Manf. : Rivoli\n- Model : PWS67469BK",2,{"v":0,"d":"0%"},2,"EA",{"v":118,"d":"$118.00"},{"v":236,"d":"$236.00"},{"v":0.4130000000000001,"d":"0.41"},{"v":0.8260000000000002,"d":"0.83"},{"v":33.040000000000006,"d":"$33.0"},{"v":66.08000000000001,"d":"$66.08"},{"v":151.04000000000002,"d":"$151.04"},{"v":302.08000000000004,"d":"$302.08"}]
[{"$f":"IF(I21<>\"\",1+MAX($A$3:A20),\"\")","v":7},"E1.0","E2.0",null,"G - Exterior Wall Sconce Light (Weather Proof)\n- Size : 10\"\n- Manf. : Bellevue\n- Model : SH50018ORB",10,{"v":0,"d":"0%"},10,"EA",{"v":84,"d":"$84.00"},{"v":840,"d":"$840.00"},{"v":0.29400000000000004,"d":"0.29"},{"v":2.9400000000000004,"d":"2.94"},{"v":23.520000000000003,"d":"$23.5"},{"v":235.20000000000005,"d":"$235.20"},{"v":107.52000000000001,"d":"$107.52"},{"$f":"P21*H21","v":{"v":1075.2,"d":"$1,075.20"}}]
[{"$f":"IF(I22<>\"\",1+MAX($A$3:A21),\"\")","v":8},"E1.0","E2.0",null,"EM - Dual Head Emergency Light Fixture w/ Battery Backup\n- Manf. : Lavex\n- Model : 695EABRC",7,{"v":0,"d":"0%"},7,"EA",{"v":48,"d":"$48.00"},{"v":336,"d":"$336.00"},{"v":0.168,"d":"0.17"},{"v":1.1760000000000002,"d":"1.18"},{"v":13.440000000000001,"d":"$13.4"},{"v":94.08000000000001,"d":"$94.08"},{"v":61.44,"d":"$61.44"},{"$f":"P22*H22","v":{"v":430.08,"d":"$430.08"}}]
[{"$f":"IF(I23<>\"\",1+MAX($A$3:A22),\"\")","v":9},"E1.0","E2.0",null,"F2 - (1-6\"x3') Troffer LED Light\nNote: No Details Found For Light \"F2\" , We Assumed it as troffer, Please Verify\n\nManf: Lithonia Lighting",63,{"v":0,"d":"0%"},63,"EA",{"v":92,"d":"$92.00"},{"v":5796,"d":"$5,796.00"},{"v":0.322,"d":"0.32"},{"v":20.286,"d":"20.29"},{"v":25.76,"d":"$25.8"},{"v":1622.88,"d":"$1,622.88"},{"v":117.76,"d":"$117.76"},{"v":7418.88,"d":"$7,418.88"}]
[{"$f":"IF(I24<>\"\",1+MAX($A$3:A23),\"\")","v":""}]
[{"$f":"IF(I25<>\"\",1+MAX($A$3:A24),\"\")","v":""},{"$nulls":3},"CANOPY PLAN"]
[{"$f":"IF(I26<>\"\",1+MAX($A$3:A25),\"\")","v":""}]
[{"$f":"IF(I27<>\"\",1+MAX($A$3:A26),\"\")","v":10},"A4.0","E2.0",null,"H - 22\" x 22\" Parabolic Lens Troffer Grid Mounts Energy Saving LED Light\nManf: Lithonia Lighting",4,{"v":0,"d":"0%"},{"$f":"F27*(1+G27)","v":4},"EA",{"v":190,"d":"$190.00"},{"$f":"J27*H27","v":{"v":760,"d":"$760.00"}},0.76,{"$f":"L27*H27","v":3.04},{"v":60.800000000000004,"d":"$60.8"},{"$f":"N27*H27","v":{"v":243.20000000000002,"d":"$243.20"}},{"$f":"J27+N27","v":{"v":250.8,"d":"$250.80"}},{"$f":"P27*H27","v":{"v":1003.2,"d":"$1,003.20"}}]
[{"$f":"IF(I28<>\"\",1+MAX($A$3:A27),\"\")","v":""}]
[{"$f":"IF(I29<>\"\",1+MAX($A$3:A28),\"\")","v":""},{"$nulls":3},"SITE PLAN"]
[{"$f":"IF(I30<>\"\",1+MAX($A$3:A29),\"\")","v":""}]
[{"$f":"IF(I31<>\"\",1+MAX($A$3:A30),\"\")","v":11},"E1.0","E1.0",null,"SL2 - Dual Head Pole Light - Fixtures Only\nAssumed 80 W Lights",1,{"v":0,"d":"0%"},{"$f":"F31*(1+G31)","v":1},"EA",{"v":1180,"d":"$1,180.00"},{"$f":"J31*H31","v":{"v":1180,"d":"$1,180.00"}},{"v":2.1875,"d":"2.19"},{"$f":"L31*H31","v":{"v":2.1875,"d":"2.19"}},{"v":175,"d":"$175.0"},{"$f":"N31*H31","v":{"v":175,"d":"$175.00"}},{"$f":"J31+N31","v":{"v":1355,"d":"$1,355.00"}},{"$f":"P31*H31","v":{"v":1355,"d":"$1,355.00"}}]
[{"$f":"IF(I32<>\"\",1+MAX($A$3:A31),\"\")","v":12},"E1.0","E1.0",null,"SL3 - Triple Head Pole Light - Fixtures Only\nAssumed 80 W Lights",1,{"v":0,"d":"0%"},{"$f":"F32*(1+G32)","v":1},"EA",{"v":1648,"d":"$1,648.00"},{"$f":"J32*H32","v":{"v":1648,"d":"$1,648.00"}},{"v":2.725,"d":"2.73"},{"$f":"L32*H32","v":{"v":2.725,"d":"2.73"}},{"v":218,"d":"$218.0"},{"$f":"N32*H32","v":{"v":218,"d":"$218.00"}},{"v":1866,"d":"$1,866.00"},{"$f":"P32*H32","v":{"v":1866,"d":"$1,866.00"}}]
[{"$f":"IF(I33<>\"\",1+MAX($A$3:A32),\"\")","v":""}]
[{"$f":"IF(I34<>\"\",1+MAX($A$3:A33),\"\")","v":""},{"$nulls":3},"CONDUITS & WIRING"]
[{"$f":"IF(I35<>\"\",1+MAX($A$3:A34),\"\")","v":""}]
[{"$f":"IF(I36<>\"\",1+MAX($A$3:A35),\"\")","v":""},{"$nulls":3},"FLOOR PLAN"]
[{"$f":"IF(I37<>\"\",1+MAX($A$3:A36),\"\")","v":""}]
[{"$f":"IF(I38<>\"\",1+MAX($A$3:A37),\"\")","v":13},"E1.0","E1.0",null,"3/4\" Lighting Conduit",{"v":1646.3,"d":"1646"},{"v":0.1,"d":"10%"},{"$f":"F38*(1+G38)","v":{"v":1810.93,"d":"1811"}},"LF",{"v":2.2,"d":"$2.20"},{"$f":"J38*H38","v":{"v":3984.0460000000003,"d":"$3,984.05"}},{"v":0.010450000000000001,"d":"0.01"},{"$f":"L38*H38","v":{"v":18.924218500000002,"d":"18.92"}},{"v":0.8360000000000001,"d":"$0.8"},{"$f":"N38*H38","v":{"v":1513.9374800000003,"d":"$1,513.94"}},{"$f":"J38+N38","v":{"v":3.0360000000000005,"d":"$3.04"}},{"$f":"P38*H38","v":{"v":5497.983480000001,"d":"$5,497.98"}}]
[{"$f":"IF(I39<>\"\",1+MAX($A$3:A38),\"\")","v":14},"E1.1","E1.1",null,"2#12  Lighting Wiring",{"$f":"1646.3*2","v":{"v":3292.6,"d":"3293"}},{"v":0.1,"d":"10%"},{"v":3621.86,"d":"3622"},"LF",{"v":3.72,"d":"$3.72"},{"v":13473.319200000002,"d":"$13,473.32"},{"v":0.01767,"d":"0.02"},{"v":63.99826620000001,"d":"64.00"},{"v":1.4136000000000002,"d":"$1.4"},{"v":5119.861296000001,"d":"$5,119.86"},{"v":5.1336,"d":"$5.13"},{"v":18593.180496,"d":"$18,593.18"}]
[{"$f":"IF(I40<>\"\",1+MAX($A$3:A39),\"\")","v":15},"E1.1","E1.1",null,"1#12 Ground Wiring",{"$f":"1646.3*1","v":{"v":1646.3,"d":"1646"}},{"v":0.1,"d":"10%"},{"$f":"F40*(1+G40)","v":{"v":1810.93,"d":"1811"}},"LF",{"v":3.72,"d":"$3.72"},{"$f":"J40*H40","v":{"v":6736.659600000001,"d":"$6,736.66"}},{"v":0.01767,"d":"0.02"},{"$f":"L40*H40","v":{"v":31.999133100000005,"d":"32.00"}},{"v":1.4136000000000002,"d":"$1.4"},{"$f":"N40*H40","v":{"v":2559.9306480000005,"d":"$2,559.93"}},{"v":5.1336,"d":"$5.13"},{"$f":"P40*H40","v":{"v":9296.590248,"d":"$9,296.59"}}]
[{"$f":"IF(I41<>\"\",1+MAX($A$3:A40),\"\")","v":""}]
[{"$f":"IF(I42<>\"\",1+MAX($A$3:A41),\"\")","v":""},{"$nulls":3},"CANOPY PLAN"]
[{"$f":"IF(I43<>\"\",1+MAX($A$3:A42),\"\")","v":""}]
[{"$f":"IF(I44<>\"\",1+MAX($A$3:A43),\"\")","v":16},"E1.2","E1.2",null,"3/4\" Lighting Conduit",{"v":34.48,"d":"34"},{"v":0.1,"d":"10%"},{"$f":"F44*(1+G44)","v":{"v":37.928,"d":"38"}},"LF",{"v":2.2,"d":"$2.20"},{"$f":"J44*H44","v":{"v":83.4416,"d":"$83.44"}},{"v":0.010450000000000001,"d":"0.01"},{"$f":"L44*H44","v":{"v":0.3963476,"d":"0.40"}},{"v":0.8360000000000001,"d":"$0.8"},{"$f":"N44*H44","v":{"v":31.707808,"d":"$31.71"}},{"$f":"J44+N44","v":{"v":3.0360000000000005,"d":"$3.04"}},{"$f":"P44*H44","v":{"v":115.14940800000001,"d":"$115.15"}}]
[{"$f":"IF(I45<>\"\",1+MAX($A$3:A44),\"\")","v":17},"E1.2","E1.2",null,"2#12  Lighting Wiring",{"$f":"34.48*2","v":{"v":68.96,"d":"69"}},{"v":0.1,"d":"10%"},{"$f":"F45*(1+G45)","v":{"v":75.856,"d":"76"}},"LF",{"v":3.72,"d":"$3.72"},{"$f":"J45*H45","v":{"v":282.18432,"d":"$282.18"}},{"v":0.01767,"d":"0.02"},{"$f":"L45*H45","v":{"v":1.34037552,"d":"1.34"}},{"v":1.4136000000000002,"d":"$1.4"},{"$f":"N45*H45","v":{"v":107.2300416,"d":"$107.23"}},{"v":5.1336,"d":"$5.13"},{"$f":"P45*H45","v":{"v":389.4143616,"d":"$389.41"}}]
[{"$f":"IF(I46<>\"\",1+MAX($A$3:A45),\"\")","v":18},"E1.2","E1.2",null,"1#12 Ground Wiring",{"$f":"34.48*1","v":{"v":34.48,"d":"34"}},{"v":0.1,"d":"10%"},{"$f":"F46*(1+G46)","v":{"v":37.928,"d":"38"}},"LF",{"v":3.72,"d":"$3.72"},{"$f":"J46*H46","v":{"v":141.09216,"d":"$141.09"}},{"v":0.01767,"d":"0.02"},{"$f":"L46*H46","v":{"v":0.67018776,"d":"0.67"}},{"v":1.4136000000000002,"d":"$1.4"},{"$f":"N46*H46","v":{"v":53.6150208,"d":"$53.62"}},{"v":5.1336,"d":"$5.13"},{"$f":"P46*H46","v":{"v":194.7071808,"d":"$194.71"}}]
[{"$f":"IF(I47<>\"\",1+MAX($A$3:A45),\"\")","v":""}]
[{"$nulls":10},{"$f":"SUM(K12:K47)","v":{"v":46271.062880000005,"d":"$46,271.06"}},null,{"$f":"SUM(M11:M47)","v":{"v":188.21914868000005,"d":"188.22"}},null,{"$f":"SUM(O12:O47)","v":{"v":15057.531894400003,"d":"$15,057.53"}}]

{"sheet":"POWER & EQUIPMENT","index":2,"n_rows":98,"n_cols":18,"rows_kept":98,"merged":[[0,0,0,17],[97,0,97,3],[98,0,98,3]]}
["Estimate of Materials and Cost of Construction"]
[]
[{"$nulls":3},"PROJECT:","PROPOSED DISPENSARY."]
[{"$nulls":3},"ADDRESS:","SUNLAND PARK, NEW MEXICO."]
[{"$nulls":3},"SCOPE:","ELECTRICAL WORK"]
[{"$nulls":3},"DATE","2023-09-15"]
[]
["SR #","REF. SHEET","DETAIL SHEET","CSI SECT.","DESCRIPTION","QTY.","WASTAGE","QTY WITH\nWASTAGE","UNIT OF\nMEASURMENT","UNIT MATERIAL COST","TOTAL MATERIAL COST","UNIT LABOR HOURS","TOTAL LABOR HOURS","UNIT LABOR COST","TOTAL LABOR COST","UNIT COST","TOTAL ITEM\nCOST","TOTAL TRADE\nCOST"]
[{"$f":"IF(I9<>\"\",1+MAX($A$3:A7),\"\")","v":""},null,null,"DIV. 26","ELECTRICAL",{"$nulls":12},{"$f":"SUM(Q11:Q97)","v":{"v":37784.48900266667,"d":"$37,784.49"}}]
[{"$f":"IF(I10<>\"\",1+MAX($A$3:A9),\"\")","v":""}]
[{"$f":"IF(I11<>\"\",1+MAX($A$3:A10),\"\")","v":""},{"$nulls":3},"POWER FIXTURE"]
[{"$f":"IF(I12<>\"\",1+MAX($A$3:A11),\"\")","v":""}]
[{"$f":"IF(I13<>\"\",1+MAX($A$3:A12),\"\")","v":""},{"$nulls":3},"FLOOR PLAN"]
[{"$f":"IF(I14<>\"\",1+MAX($A$3:A13),\"\")","v":""}]
[{"$f":"IF(I15<>\"\",1+MAX($A$3:A14),\"\")","v":1},"E1.0","E3.0",null,"Duplex Receptacle - 15A",41,{"v":0,"d":"0%"},{"$f":"F15*(1+G15)","v":41},"EA",{"v":25,"d":"$25.00"},{"$f":"J15*H15","v":{"v":1025,"d":"$1,025.00"}},{"v":0.08750000000000001,"d":"0.09"},{"$f":"L15*H15","v":{"v":3.5875000000000004,"d":"3.59"}},{"v":7.000000000000001,"d":"$7.0"},{"$f":"N15*H15","v":{"v":287.00000000000006,"d":"$287.00"}},{"$f":"J15+N15","v":{"v":32,"d":"$32.00"}},{"$f":"P15*H15","v":{"v":1312,"d":"$1,312.00"}}]
[{"$f":"IF(I16<>\"\",1+MAX($A$3:A15),\"\")","v":2},"E1.0","E3.0",null,"Duplex Receptacle - Ground Fault Circuit Interrupter (Weather Proof)",4,{"v":0,"d":"0%"},4,"EA",{"v":28,"d":"$28.00"},{"$f":"J16*H16","v":{"v":112,"d":"$112.00"}},{"v":0.098,"d":"0.10"},{"v":0.392,"d":"0.39"},{"v":7.840000000000001,"d":"$7.8"},{"$f":"N16*H16","v":{"v":31.360000000000003,"d":"$31.36"}},{"v":35.84,"d":"$35.84"},{"$f":"P16*H16","v":{"v":143.36,"d":"$143.36"}}]
[{"$f":"IF(I17<>\"\",1+MAX($A$3:A16),\"\")","v":3},"E1.0","E3.0",null,"Junction Box, Ampere: 20A, Voltage: 120V  (Weather Proof)",1,{"v":0,"d":"0%"},1,"EA",{"v":105,"d":"$105.00"},{"v":105,"d":"$105.00"},{"v":0.36750000000000005,"d":"0.37"},{"v":0.36750000000000005,"d":"0.37"},{"v":29.400000000000002,"d":"$29.4"},{"v":29.400000000000002,"d":"$29.40"},{"v":134.4,"d":"$134.40"},{"v":134.4,"d":"$134.40"}]
[{"$f":"IF(I18<>\"\",1+MAX($A$3:A17),\"\")","v":4},"E1.0","E3.0",null,"Television/ Data Outlet",4,{"v":0,"d":"0%"},{"$f":"F18*(1+G18)","v":4},"EA",{"v":65,"d":"$65.00"},{"$f":"J18*H18","v":{"v":260,"d":"$260.00"}},{"v":0.22750000000000004,"d":"0.23"},{"v":0.9100000000000001,"d":"0.91"},{"v":18.200000000000003,"d":"$18.2"},{"$f":"N18*H18","v":{"v":72.80000000000001,"d":"$72.80"}},{"v":83.2,"d":"$83.20"},{"$f":"P18*H18","v":{"v":332.8,"d":"$332.80"}}]
[{"$f":"IF(I19<>\"\",1+MAX($A$3:A18),\"\")","v":5},"E2.0","E2.0",null,"Photocell/ Contactor For Exterior Light",1,{"v":0,"d":"0%"},{"$f":"F19*(1+G19)","v":1},"EA",{"v":135,"d":"$135.00"},{"$f":"J19*H19","v":{"v":135,"d":"$135.00"}},{"v":0.47250000000000003,"d":"0.47"},{"v":0.47250000000000003,"d":"0.47"},{"v":37.800000000000004,"d":"$37.8"},{"$f":"N19*H19","v":{"v":37.800000000000004,"d":"$37.80"}},{"v":172.8,"d":"$172.80"},{"$f":"P19*H19","v":{"v":172.8,"d":"$172.80"}}]
[{"$f":"IF(I20<>\"\",1+MAX($A$3:A19),\"\")","v":6},"E2.0","E2.0",null,"Time Clock For Exhaust Fan",1,{"v":0,"d":"0%"},{"$f":"F20*(1+G20)","v":1},"EA",{"v":44,"d":"$44.00"},{"$f":"J20*H20","v":{"v":44,"d":"$44.00"}},{"v":0.154,"d":"0.15"},{"v":0.154,"d":"0.15"},{"v":12.32,"d":"$12.3"},{"$f":"N20*H20","v":{"v":12.32,"d":"$12.32"}},{"v":56.32,"d":"$56.32"},{"$f":"P20*H20","v":{"v":56.32,"d":"$56.32"}}]
[{"$f":"IF(I21<>\"\",1+MAX($A$3:A20),\"\")","v":7},"E2.0","E2.0",null,"120V Contactor For Exhaust Fan",1,{"v":0,"d":"0%"},{"$f":"F21*(1+G21)","v":1},"EA",{"v":55,"d":"$55.00"},{"$f":"J21*H21","v":{"v":55,"d":"$55.00"}},{"v":0.19250000000000003,"d":"0.19"},{"v":0.19250000000000003,"d":"0.19"},{"v":15.400000000000002,"d":"$15.4"},{"$f":"N21*H21","v":{"v":15.400000000000002,"d":"$15.40"}},{"v":70.4,"d":"$70.40"},{"$f":"P21*H21","v":{"v":70.4,"d":"$70.40"}}]
[{"$f":"IF(I22<>\"\",1+MAX($A$3:A21),\"\")","v":8},"E1.0","E3.0",null,"WH-1 - Electrical Water Heater, Voltage: 240V, Phase: 2P, Ampere: 60A",1,{"v":0,"d":"0%"},{"$f":"F22*(1+G22)","v":1},"EA",{"v":610,"d":"$610.00"},{"$f":"J22*H22","v":{"v":610,"d":"$610.00"}},{"v":2.1350000000000002,"d":"2.14"},{"v":2.1350000000000002,"d":"2.14"},{"v":170.8,"d":"$170.8"},{"$f":"N22*H22","v":{"v":170.8,"d":"$170.80"}},{"v":780.8,"d":"$780.80"},{"$f":"P22*H22","v":{"v":780.8,"d":"$780.80"}}]
[{"$f":"IF(I23<>\"\",1+MAX($A$3:A22),\"\")","v":""}]
[{"$f":"IF(I24<>\"\",1+MAX($A$3:A23),\"\")","v":""},{"$nulls":3},"CANOPY PLAN"]
[{"$f":"IF(I25<>\"\",1+MAX($A$3:A24),\"\")","v":""}]
[{"$f":"IF(I26<>\"\",1+MAX($A$3:A25),\"\")","v":9},"E1.0","E2.0",null,"Junction Box, Ampere: 20A, Voltage: 120V (Weather Proof)",1,{"v":0,"d":"0%"},{"$f":"F26*(1+G26)","v":1},"EA",{"v":105,"d":"$105.00"},{"$f":"J26*H26","v":{"v":105,"d":"$105.00"}},{"v":0.36750000000000005,"d":"0.37"},{"$f":"L26*H26","v":{"v":0.36750000000000005,"d":"0.37"}},{"v":29.400000000000002,"d":"$29.4"},{"$f":"N26*H26","v":{"v":29.400000000000002,"d":"$29.40"}},{"$f":"J26+N26","v":{"v":134.4,"d":"$134.40"}},{"$f":"P26*H26","v":{"v":134.4,"d":"$134.40"}}]
[{"$f":"IF(I27<>\"\",1+MAX($A$3:A26),\"\")","v":""}]
[{"$f":"IF(I28<>\"\",1+MAX($A$3:A27),\"\")","v":""},{"$nulls":3},"SITE PLAN"]
[{"$f":"IF(I29<>\"\",1+MAX($A$3:A28),\"\")","v":""}]
[{"$f":"IF(I30<>\"\",1+MAX($A$3:A29),\"\")","v":10},"E1.0","E1.0",null,"Duplex Receptacle - Ground Fault Circuit Interrupter (Weather Proof)",1,{"v":0,"d":"0%"},{"$f":"F30*(1+G30)","v":1},"EA",{"v":28,"d":"$28.00"},{"$f":"J30*H30","v":{"v":28,"d":"$28.00"}},{"v":0.098,"d":"0.10"},{"$f":"L30*H30","v":{"v":0.098,"d":"0.10"}},{"v":7.840000000000001,"d":"$7.8"},{"$f":"N30*H30","v":{"v":7.840000000000001,"d":"$7.84"}},{"$f":"J30+N30","v":{"v":35.84,"d":"$35.84"}},{"$f":"P30*H30","v":{"v":35.84,"d":"$35.84"}}]
[{"$f":"IF(I31<>\"\",1+MAX($A$3:A30),\"\")","v":11},"E1.0","E1.0",null,"Junction Box, Ampere: 20A, Voltage: 120v (Weather Proof)",1,{"v":0,"d":"0%"},{"$f":"F31*(1+G31)","v":1},"EA",{"v":105,"d":"$105.00"},{"v":105,"d":"$105.00"},{"v":0.36750000000000005,"d":"0.37"},{"$f":"L31*H31","v":{"v":0.36750000000000005,"d":"0.37"}},{"v":29.400000000000002,"d":"$29.4"},{"v":29.400000000000002,"d":"$29.40"},{"$f":"J31+N31","v":{"v":134.4,"d":"$134.40"}},{"v":134.4,"d":"$134.40"}]
[{"$f":"IF(I32<>\"\",1+MAX($A$3:A31),\"\")","v":""}]
[{"$f":"IF(I33<>\"\",1+MAX($A$3:A32),\"\")","v":""},{"$nulls":3},"CONDUITS & WIRING"]
[{"$f":"IF(I34<>\"\",1+MAX($A$3:A33),\"\")","v":""}]
[{"$f":"IF(I35<>\"\",1+MAX($A$3:A34),\"\")","v":""},{"$nulls":3},"FLOOR PLAN"]
[{"$f":"IF(I36<>\"\",1+MAX($A$3:A35),\"\")","v":""}]
[{"$f":"IF(I37<>\"\",1+MAX($A$3:A36),\"\")","v":12},"E1.0","E3.0",null,"3/4\" Power Conduit",{"v":314.77,"d":"315"},{"v":0.1,"d":"10%"},{"$f":"F37*(1+G37)","v":{"v":346.247,"d":"346"}},"LF",{"v":2.2,"d":"$2.20"},{"$f":"J37*H37","v":{"v":761.7434000000001,"d":"$761.74"}},{"v":0.007700000000000001,"d":"0.01"},{"$f":"L37*H37","v":{"v":2.6661019000000006,"d":"2.67"}},{"v":0.6160000000000001,"d":"$0.6"},{"$f":"N37*H37","v":{"v":213.28815200000005,"d":"$213.29"}},{"$f":"J37+N37","v":{"v":2.8160000000000003,"d":"$2.82"}},{"$f":"P37*H37","v":{"v":975.0315520000001,"d":"$975.03"}}]
[{"$f":"IF(I38<>\"\",1+MAX($A$3:A37),\"\")","v":13},"E1.0","E3.0",null,"2#12 Power Wiring",{"$f":"314.77*2","v":{"v":629.54,"d":"630"}},{"v":0.1,"d":"10%"},{"v":692.494,"d":"692"},"LF",{"v":3.72,"d":"$3.72"},{"v":2576.0776800000003,"d":"$2,576.08"},{"v":0.01302,"d":"0.01"},{"$f":"L38*H38","v":{"v":9.016271880000001,"d":"9.02"}},{"v":1.0416,"d":"$1.0"},{"v":721.3017504000001,"d":"$721.30"},{"$f":"J38+N38","v":{"v":4.7616000000000005,"d":"$4.76"}},{"v":3297.3794304000003,"d":"$3,297.38"}]
[{"$f":"IF(I39<>\"\",1+MAX($A$3:A38),\"\")","v":14},"E1.0","E3.0",null,"1#12 Ground Wiring",{"$f":"314.77*1","v":{"v":314.77,"d":"315"}},{"v":0.1,"d":"10%"},{"$f":"F39*(1+G39)","v":{"v":346.247,"d":"346"}},"LF",{"v":3.72,"d":"$3.72"},{"$f":"J39*H39","v":{"v":1288.0388400000002,"d":"$1,288.04"}},{"v":0.01302,"d":"0.01"},{"$f":"L39*H39","v":{"v":4.508135940000001,"d":"4.51"}},{"v":1.0416,"d":"$1.0"},{"$f":"N39*H39","v":{"v":360.65087520000003,"d":"$360.65"}},{"$f":"J39+N39","v":{"v":4.7616000000000005,"d":"$4.76"}},{"$f":"P39*H39","v":{"v":1648.6897152000001,"d":"$1,648.69"}}]
[{"$f":"IF(I40<>\"\",1+MAX($A$3:A39),\"\")","v":""}]
[{"$f":"IF(I41<>\"\",1+MAX($A$3:A40),\"\")","v":""},{"$nulls":3},"SITE PLAN"]
[{"$f":"IF(I42<>\"\",1+MAX($A$3:A41),\"\")","v":""}]
[{"$f":"IF(I43<>\"\",1+MAX($A$3:A42),\"\")","v":15},"E1.0","E1.0",null,"3/4\" Conduit",{"v":53.04,"d":"53"},{"v":0.1,"d":"10%"},{"$f":"F43*(1+G43)","v":{"v":58.344,"d":"58"}},"LF",{"v":2.2,"d":"$2.20"},{"$f":"J43*H43","v":{"v":128.35680000000002,"d":"$128.36"}},{"v":0.007700000000000001,"d":"0.01"},{"$f":"L43*H43","v":{"v":0.44924880000000006,"d":"0.45"}},{"v":0.6160000000000001,"d":"$0.6"},{"$f":"N43*H43","v":{"v":35.939904000000006,"d":"$35.94"}},{"$f":"J43+N43","v":{"v":2.8160000000000003,"d":"$2.82"}},{"$f":"P43*H43","v":{"v":164.29670400000003,"d":"$164.30"}}]
[{"$f":"IF(I44<>\"\",1+MAX($A$3:A43),\"\")","v":16},"E1.0","E1.0",null,"2#10 CU Wiring",{"$f":"53*2","v":106},{"v":0.1,"d":"10%"},{"$f":"F44*(1+G44)","v":{"v":116.60000000000001,"d":"117"}},"LF",{"v":3.82,"d":"$3.82"},{"$f":"J44*H44","v":{"v":445.41200000000003,"d":"$445.41"}},{"v":0.013370000000000002,"d":"0.01"},{"$f":"L44*H44","v":{"v":1.5589420000000003,"d":"1.56"}},{"v":1.0696,"d":"$1.1"},{"$f":"N44*H44","v":{"v":124.71536000000002,"d":"$124.72"}},{"$f":"J44+N44","v":{"v":4.8896,"d":"$4.89"}},{"$f":"P44*H44","v":{"v":570.12736,"d":"$570.13"}}]
[{"$f":"IF(I45<>\"\",1+MAX($A$3:A44),\"\")","v":17},"E1.0","E1.0",null,"1#10 CU Ground Wiring",{"$f":"53.04*1","v":{"v":53.04,"d":"53"}},{"v":0.1,"d":"10%"},{"$f":"F45*(1+G45)","v":{"v":58.344,"d":"58"}},"LF",{"v":3.82,"d":"$3.82"},{"$f":"J45*H45","v":{"v":222.87408,"d":"$222.87"}},{"v":0.013370000000000002,"d":"0.01"},{"$f":"L45*H45","v":{"v":0.7800592800000001,"d":"0.78"}},{"v":1.0696,"d":"$1.1"},{"$f":"N45*H45","v":{"v":62.40474240000001,"d":"$62.40"}},{"$f":"J45+N45","v":{"v":4.8896,"d":"$4.89"}},{"$f":"P45*H45","v":{"v":285.27882239999997,"d":"$285.28"}}]
[{"$f":"IF(I46<>\"\",1+MAX($A$3:A45),\"\")","v":""}]
[{"$f":"IF(I47<>\"\",1+MAX($A$3:A46),\"\")","v":18},"E1.0","E1.0",null,"Underground 4\" Conduit",{"v":133.73,"d":"134"},{"v":0.1,"d":"10%"},{"$f":"F47*(1+G47)","v":{"v":147.103,"d":"147"}},"LF",{"v":14.2,"d":"$14.20"},{"$f":"J47*H47","v":{"v":2088.8626,"d":"$2,088.86"}},{"v":0.0497,"d":"0.05"},{"$f":"L47*H47","v":{"v":7.3110191,"d":"7.31"}},{"v":3.976,"d":"$4.0"},{"$f":"N47*H47","v":{"v":584.881528,"d":"$584.88"}},{"$f":"J47+N47","v":{"v":18.176,"d":"$18.18"}},{"$f":"P47*H47","v":{"v":2673.744128,"d":"$2,673.74"}}]
[{"$f":"IF(I48<>\"\",1+MAX($A$3:A47),\"\")","v":19},"E1.0","E1.0",null,"4-350 KCMIL Wiring",{"$f":"133.73*4","v":{"v":534.92,"d":"535"}},{"v":0.1,"d":"10%"},{"$f":"F48*(1+G48)","v":{"v":588.412,"d":"588"}},"LF",{"v":19.83,"d":"$19.83"},{"$f":"J48*H48","v":{"v":11668.20996,"d":"$11,668.21"}},{"v":0.06940500000000001,"d":"0.07"},{"$f":"L48*H48","v":{"v":40.83873486000001,"d":"40.84"}},{"v":5.5524000000000004,"d":"$5.6"},{"$f":"N48*H48","v":{"v":3267.0987888000004,"d":"$3,267.10"}},{"$f":"J48+N48","v":{"v":25.382399999999997,"d":"$25.38"}},{"$f":"P48*H48","v":{"v":14935.308748799998,"d":"$14,935.31"}}]
[{"$f":"IF(I49<>\"\",1+MAX($A$3:A48),\"\")","v":20},"E1.0","E1.0",null,"1#4 CU. Ground Wiring",{"$f":"133.73*1","v":{"v":133.73,"d":"134"}},{"v":0.1,"d":"10%"},{"$f":"F49*(1+G49)","v":{"v":147.103,"d":"147"}},"LF",{"v":6.2,"d":"$6.20"},{"$f":"J49*H49","v":{"v":912.0386000000001,"d":"$912.04"}},{"v":0.021700000000000004,"d":"0.02"},{"$f":"L49*H49","v":{"v":3.1921351000000007,"d":"3.19"}},{"v":1.7360000000000002,"d":"$1.7"},{"$f":"N49*H49","v":{"v":255.37080800000004,"d":"$255.37"}},{"$f":"J49+N49","v":{"v":7.936,"d":"$7.94"}},{"$f":"P49*H49","v":{"v":1167.409408,"d":"$1,167.41"}}]
[{"$f":"IF(I50<>\"\",1+MAX($A$3:A49),\"\")","v":""}]
[{"$f":"IF(I51<>\"\",1+MAX($A$3:A50),\"\")","v":21},"E1.0","E1.0",null,"2\" Conduit w/ Pullstring (From Box To End Of Property Line)",{"v":8.63,"d":"9"},{"v":0.1,"d":"10%"},{"$f":"F51*(1+G51)","v":{"v":9.493000000000002,"d":"9"}},"LF",{"v":13.4,"d":"$13.40"},{"$f":"J51*H51","v":{"v":127.20620000000004,"d":"$127.21"}},{"v":0.04690000000000001,"d":"0.05"},{"$f":"L51*H51","v":{"v":0.4452217000000002,"d":"0.45"}},{"v":3.7520000000000007,"d":"$3.8"},{"$f":"N51*H51","v":{"v":35.617736000000015,"d":"$35.62"}},{"$f":"J51+N51","v":{"v":17.152,"d":"$17.15"}},{"$f":"P51*H51","v":{"v":162.82393600000003,"d":"$162.82"}}]
[{"$f":"IF(I52<>\"\",1+MAX($A$3:A51),\"\")","v":""}]
[{"$f":"IF(I53<>\"\",1+MAX($A$3:A52),\"\")","v":22},"E1.0","E1.0",null,"3/4\" Conduit - For Pylon Signage",{"v":18.31,"d":"18"},{"v":0.1,"d":"10%"},{"$f":"F53*(1+G53)","v":{"v":20.141000000000002,"d":"20"}},"LF",{"v":2.2,"d":"$2.20"},{"$f":"J53*H53","v":{"v":44.31020000000001,"d":"$44.31"}},{"v":0.007700000000000001,"d":"0.01"},{"$f":"L53*H53","v":{"v":0.15508570000000005,"d":"0.16"}},{"v":0.6160000000000001,"d":"$0.6"},{"$f":"N53*H53","v":{"v":12.406856000000003,"d":"$12.41"}},{"$f":"J53+N53","v":{"v":2.8160000000000003,"d":"$2.82"}},{"$f":"P53*H53","v":{"v":56.717056000000014,"d":"$56.72"}}]
[{"$f":"IF(I54<>\"\",1+MAX($A$3:A53),\"\")","v":23},"E1.0","E1.0",null,"3#8 CU. Wiring",{"$f":"18.31*3","v":{"v":54.92999999999999,"d":"55"}},{"v":0.1,"d":"10%"},{"$f":"F54*(1+G54)","v":{"v":60.422999999999995,"d":"60"}},"LF",{"v":3.96,"d":"$3.96"},{"$f":"J54*H54","v":{"v":239.27507999999997,"d":"$239.28"}},{"v":0.01386,"d":"0.01"},{"$f":"L54*H54","v":{"v":0.83746278,"d":"0.84"}},{"v":1.1088,"d":"$1.1"},{"$f":"N54*H54","v":{"v":66.99702239999999,"d":"$67.00"}},{"$f":"J54+N54","v":{"v":5.0687999999999995,"d":"$5.07"}},{"$f":"P54*H54","v":{"v":306.27210239999994,"d":"$306.27"}}]
[{"$f":"IF(I55<>\"\",1+MAX($A$3:A54),\"\")","v":24},"E1.0","E1.0",null,"1#8 CU. Ground Wiring",{"$f":"18.31*1","v":{"v":18.31,"d":"18"}},{"v":0.1,"d":"10%"},{"$f":"F55*(1+G55)","v":{"v":20.141000000000002,"d":"20"}},"LF",{"v":3.96,"d":"$3.96"},{"$f":"J55*H55","v":{"v":79.75836000000001,"d":"$79.76"}},{"v":0.01386,"d":"0.01"},{"$f":"L55*H55","v":{"v":0.27915426000000004,"d":"0.28"}},{"v":1.1088,"d":"$1.1"},{"$f":"N55*H55","v":{"v":22.3323408,"d":"$22.33"}},{"$f":"J55+N55","v":{"v":5.0687999999999995,"d":"$5.07"}},{"$f":"P55*H55","v":{"v":102.0907008,"d":"$102.09"}}]
[{"$f":"IF(I56<>\"\",1+MAX($A$3:A55),\"\")","v":""}]
[{"$f":"IF(I57<>\"\",1+MAX($A$3:A56),\"\")","v":25},"E1.0","E1.0",null,"4\" Conduit (From Wiring Gutter To Panels)",{"$f":"10","v":10},{"v":0.1,"d":"10%"},{"$f":"F57*(1+G57)","v":11},"LF",{"v":14.2,"d":"$14.20"},{"$f":"J57*H57","v":{"v":156.2,"d":"$156.20"}},{"v":0.0497,"d":"0.05"},{"$f":"L57*H57","v":{"v":0.5467,"d":"0.55"}},{"v":3.976,"d":"$4.0"},{"$f":"N57*H57","v":{"v":43.736,"d":"$43.74"}},{"$f":"J57+N57","v":{"v":18.176,"d":"$18.18"}},{"$f":"P57*H57","v":{"v":199.93599999999998,"d":"$199.94"}}]
[{"$f":"IF(I58<>\"\",1+MAX($A$3:A57),\"\")","v":26},"E1.0","E1.0",null,"4 #500 KCMIL CU. Thwn Wiring  (From Wiring Gutter To Panels)",{"$f":"F57*4","v":40},{"v":0.1,"d":"10%"},44,"LF",{"v":12.2,"d":"$12.20"},{"v":536.8,"d":"$536.80"},{"v":0.0427,"d":"0.04"},{"$f":"L58*H58","v":{"v":1.8788,"d":"1.88"}},{"v":3.416,"d":"$3.4"},{"$f":"N58*H58","v":{"v":150.304,"d":"$150.30"}},{"$f":"J58+N58","v":{"v":15.616,"d":"$15.62"}},{"$f":"P58*H58","v":{"v":687.104,"d":"$687.10"}}]
[{"$f":"IF(I59<>\"\",1+MAX($A$3:A58),\"\")","v":27},"E1.0","E1.0",null,"1 #3 Cu. Ground Wire (From Wiring Gutter To Panels)",{"$f":"F57*1","v":10},{"v":0.1,"d":"10%"},11,"LF",{"v":7.92,"d":"$7.92"},{"v":87.12,"d":"$87.12"},{"v":0.02772,"d":"0.03"},{"$f":"L59*H59","v":{"v":0.30492,"d":"0.30"}},{"v":2.2176,"d":"$2.2"},{"v":24.3936,"d":"$24.39"},{"$f":"J59+N59","v":{"v":10.137599999999999,"d":"$10.14"}},{"v":111.5136,"d":"$111.51"}]
[{"$f":"IF(I60<>\"\",1+MAX($A$3:A59),\"\")","v":""}]
[{"$f":"IF(I61<>\"\",1+MAX($A$3:A60),\"\")","v":28},"E1.0","E1.0",null,"2-1/2\" Conduit (From Wiring Gutter To Panels)",{"$f":"10","v":10},{"v":0.1,"d":"10%"},{"$f":"F61*(1+G61)","v":11},"LF",{"v":13.85,"d":"$13.85"},{"$f":"J61*H61","v":{"v":152.35,"d":"$152.35"}},{"v":0.048475000000000004,"d":"0.05"},{"$f":"L61*H61","v":{"v":0.5332250000000001,"d":"0.53"}},{"v":3.878,"d":"$3.9"},{"$f":"N61*H61","v":{"v":42.658,"d":"$42.66"}},{"$f":"J61+N61","v":{"v":17.728,"d":"$17.73"}},{"$f":"P61*H61","v":{"v":195.008,"d":"$195.01"}}]
[{"$f":"IF(I62<>\"\",1+MAX($A$3:A61),\"\")","v":29},"E1.0","E1.0",null,"4 #3/0 CU. Thwn Wiring  (From Wiring Gutter To Panels)",{"$f":"F61*4","v":40},{"v":0.1,"d":"10%"},44,"LF",{"v":7.92,"d":"$7.92"},{"v":348.48,"d":"$348.48"},{"v":0.02772,"d":"0.03"},{"$f":"L62*H62","v":{"v":1.21968,"d":"1.22"}},{"v":2.2176,"d":"$2.2"},{"$f":"N62*H62","v":{"v":97.5744,"d":"$97.57"}},{"$f":"J62+N62","v":{"v":10.137599999999999,"d":"$10.14"}},{"$f":"P62*H62","v":{"v":446.0544,"d":"$446.05"}}]
[{"$f":"IF(I63<>\"\",1+MAX($A$3:A62),\"\")","v":30},"E1.0","E1.0",null,"1 #6 Cu. Ground Wire (From Wiring Gutter To Panels)",{"$f":"F61*1","v":10},{"v":0.1,"d":"10%"},11,"LF",{"v":5.3,"d":"$5.30"},{"v":58.3,"d":"$58.30"},{"v":0.01855,"d":"0.02"},{"$f":"L63*H63","v":{"v":0.20405,"d":"0.20"}},{"v":1.484,"d":"$1.5"},{"v":16.323999999999998,"d":"$16.32"},{"$f":"J63+N63","v":{"v":6.784,"d":"$6.78"}},{"v":74.624,"d":"$74.62"}]
[{"$f":"IF(I64<>\"\",1+MAX($A$3:A63),\"\")","v":""}]
[{"$f":"IF(I65<>\"\",1+MAX($A$3:A64),\"\")","v":""}]
[{"$f":"IF(I66<>\"\",1+MAX($A$3:A65),\"\")","v":31},"E1.0","E1.0",null,"1\" Conduit (Ground Rods To Metering Gutter)",20,{"v":0.1,"d":"10%"},{"$f":"F66*(1+G66)","v":22},"LF",{"v":10,"d":"$10.00"},{"$f":"J66*H66","v":{"v":220,"d":"$220.00"}},{"v":0.035,"d":"0.04"},{"$f":"L66*H66","v":0.77},{"v":2.8000000000000003,"d":"$2.8"},{"$f":"N66*H66","v":{"v":61.60000000000001,"d":"$61.60"}},{"$f":"J66+N66","v":{"v":12.8,"d":"$12.80"}},{"$f":"P66*H66","v":{"v":281.6,"d":"$281.60"}}]
[{"$f":"IF(I67<>\"\",1+MAX($A$3:A66),\"\")","v":32},"E1.0","E1.0",null,"1 #3/0 CU. Ground Wiring (Ground Rods To Metering Gutter)",{"$f":"F66*1","v":20},{"v":0.1,"d":"10%"},22,"LF",{"v":7.92,"d":"$7.92"},{"v":174.24,"d":"$174.24"},{"v":0.02772,"d":"0.03"},{"$f":"L67*H67","v":{"v":0.60984,"d":"0.61"}},{"v":2.2176,"d":"$2.2"},{"$f":"N67*H67","v":{"v":48.7872,"d":"$48.79"}},{"$f":"J67+N67","v":{"v":10.137599999999999,"d":"$10.14"}},{"$f":"P67*H67","v":{"v":223.0272,"d":"$223.03"}}]
[{"$f":"IF(I68<>\"\",1+MAX($A$3:A67),\"\")","v":""}]
[{"$f":"IF(I69<>\"\",1+MAX($A$3:A68),\"\")","v":33},"E1.0","E1.0",null,"(1) #2 AWG Solid Soffit Copper Wire At Lighting Pole",20,{"v":0,"d":"0%"},{"$f":"F69*(1+G69)","v":20},"EA",{"v":8,"d":"$8.00"},{"$f":"J69*H69","v":{"v":160,"d":"$160.00"}},{"v":0.028000000000000004,"d":"0.03"},{"$f":"L69*H69","v":0.56},{"v":2.24,"d":"$2.2"},{"$f":"N69*H69","v":{"v":44.800000000000004,"d":"$44.80"}},{"$f":"J69+N69","v":{"v":10.24,"d":"$10.24"}},{"$f":"P69*H69","v":{"v":204.8,"d":"$204.80"}}]
[{"$f":"IF(I70<>\"\",1+MAX($A$3:A69),\"\")","v":""}]
[{"$f":"IF(I71<>\"\",1+MAX($A$3:A70),\"\")","v":34},"E1.0","E1.0",null,"(2) 3\" Conduit (From Main Service To Panels)",{"$f":"15.92*2","v":{"v":31.84,"d":"32"}},{"v":0.1,"d":"10%"},{"$f":"F71*(1+G71)","v":{"v":35.024,"d":"35"}},"LF",{"v":13.85,"d":"$13.85"},{"$f":"J71*H71","v":{"v":485.0824,"d":"$485.08"}},{"v":0.048475000000000004,"d":"0.05"},{"$f":"L71*H71","v":{"v":1.6977884,"d":"1.70"}},{"v":3.878,"d":"$3.9"},{"$f":"N71*H71","v":{"v":135.823072,"d":"$135.82"}},{"$f":"J71+N71","v":{"v":17.728,"d":"$17.73"}},{"$f":"P71*H71","v":{"v":620.905472,"d":"$620.91"}}]
[{"$f":"IF(I72<>\"\",1+MAX($A$3:A71),\"\")","v":35},"E1.0","E1.0",null,"4#250 KCMIL Aluminum Wire (From Main Service To Panels)",{"$f":"F71*4","v":{"v":127.36,"d":"127"}},{"v":0.1,"d":"10%"},{"$f":"F72*(1+G72)","v":{"v":140.096,"d":"140"}},"LF",{"v":8,"d":"$8.00"},{"$f":"J72*H72","v":{"v":1120.768,"d":"$1,120.77"}},{"v":0.028000000000000004,"d":"0.03"},{"$f":"L72*H72","v":{"v":3.922688000000001,"d":"3.92"}},{"v":2.24,"d":"$2.2"},{"$f":"N72*H72","v":{"v":313.81504,"d":"$313.82"}},{"$f":"J72+N72","v":{"v":10.24,"d":"$10.24"}},{"$f":"P72*H72","v":{"v":1434.58304,"d":"$1,434.58"}}]
[{"$f":"IF(I73<>\"\",1+MAX($A$3:A72),\"\")","v":36},"E1.0","E1.0",null,"1-1/0 Aluminum Ground Wire (From Main Service To Panels)",{"$f":"F71*1","v":{"v":31.84,"d":"32"}},{"v":0.1,"d":"10%"},{"v":35.024,"d":"35"},"LF",{"v":3,"d":"$3.00"},{"v":105.072,"d":"$105.07"},{"v":0.0105,"d":"0.01"},{"$f":"L73*H73","v":{"v":0.367752,"d":"0.37"}},{"v":0.8400000000000001,"d":"$0.8"},{"v":29.420160000000003,"d":"$29.42"},{"$f":"J73+N73","v":{"v":3.84,"d":"$3.84"}},{"v":134.49216,"d":"$134.49"}]
[{"$f":"IF(I74<>\"\",1+MAX($A$3:A73),\"\")","v":""}]
[{"$f":"IF(I75<>\"\",1+MAX($A$3:A74),\"\")","v":37},"E1.0","E1.0",null,"Excavation (For Underground Conduits)",{"v":29.717777777777773,"d":"30"},{"v":0.1,"d":"10%"},{"$f":"F75*(1+G75)","v":{"v":32.68955555555555,"d":"33"}},"CY",null,null,0.06,{"$f":"L75*H75","v":{"v":1.961373333333333,"d":"1.96"}},{"v":4.8,"d":"$4.8"},{"$f":"N75*H75","v":{"v":156.90986666666663,"d":"$156.91"}},{"$f":"J75+N75","v":{"v":4.8,"d":"$4.80"}},{"$f":"P75*H75","v":{"v":156.90986666666663,"d":"$156.91"}}]
[{"$f":"IF(I76<>\"\",1+MAX($A$3:A75),\"\")","v":38},"E1.0","E1.0",null,"Backfill (After Conduits Placement)",26,{"v":0.1,"d":"10%"},{"$f":"F76*(1+G76)","v":{"v":28.6,"d":"29"}},"CY",null,null,0.02,{"$f":"L76*H76","v":{"v":0.5720000000000001,"d":"0.57"}},{"v":1.6,"d":"$1.6"},{"$f":"N76*H76","v":{"v":45.760000000000005,"d":"$45.76"}},{"$f":"J76+N76","v":{"v":1.6,"d":"$1.60"}},{"$f":"P76*H76","v":{"v":45.760000000000005,"d":"$45.76"}}]
[{"$f":"IF(I77<>\"\",1+MAX($A$3:A76),\"\")","v":""}]
[{"$f":"IF(I78<>\"\",1+MAX($A$3:A77),\"\")","v":""},{"$nulls":3},"SENSORS"]
[{"$f":"IF(I79<>\"\",1+MAX($A$3:A78),\"\")","v":""}]
[{"$f":"IF(I80<>\"\",1+MAX($A$3:A79),\"\")","v":""},{"$nulls":3},"FLOOR PLAN"]
[{"$f":"IF(I81<>\"\",1+MAX($A$3:A80),\"\")","v":""}]
[{"$f":"IF(I82<>\"\",1+MAX($A$3:A81),\"\")","v":39},"A4.0","A4.0",null,"Smoke Detector",10,{"v":0,"d":"0%"},{"$f":"F82*(1+G82)","v":10},"EA",{"v":42,"d":"$42.00"},{"$f":"J82*H82","v":{"v":420,"d":"$420.00"}},{"v":0.14700000000000002,"d":"0.15"},{"$f":"L82*H82","v":{"v":1.4700000000000002,"d":"1.47"}},{"v":11.760000000000002,"d":"$11.8"},{"$f":"N82*H82","v":{"v":117.60000000000002,"d":"$117.60"}},{"$f":"J82+N82","v":{"v":53.760000000000005,"d":"$53.76"}},{"$f":"P82*H82","v":{"v":537.6,"d":"$537.60"}}]
[{"$f":"IF(I83<>\"\",1+MAX($A$3:A82),\"\")","v":""}]
[{"$f":"IF(I84<>\"\",1+MAX($A$3:A83),\"\")","v":""},{"$nulls":3},"FLOOR PLAN"]
[{"$f":"IF(I85<>\"\",1+MAX($A$3:A84),\"\")","v":""}]
[{"$f":"IF(I86<>\"\",1+MAX($A$3:A85),\"\")","v":40},"E1.0","E1.0",null,"Timer Contactor Controlled By Photocell",2,{"v":0,"d":"0%"},{"$f":"F86*(1+G86)","v":2},"EA",{"v":35,"d":"$35.00"},{"$f":"J86*H86","v":{"v":70,"d":"$70.00"}},{"v":0.12250000000000001,"d":"0.12"},{"$f":"L86*H86","v":{"v":0.24500000000000002,"d":"0.25"}},{"v":9.8,"d":"$9.8"},{"$f":"N86*H86","v":{"v":19.6,"d":"$19.60"}},{"$f":"J86+N86","v":{"v":44.8,"d":"$44.80"}},{"$f":"P86*H86","v":{"v":89.6,"d":"$89.60"}}]
[{"$f":"IF(I87<>\"\",1+MAX($A$3:A86),\"\")","v":""}]
[{"$f":"IF(I88<>\"\",1+MAX($A$3:A87),\"\")","v":""},{"$nulls":3},"SWITCHES"]
[{"$f":"IF(I89<>\"\",1+MAX($A$3:A88),\"\")","v":""}]
[{"$f":"IF(I90<>\"\",1+MAX($A$3:A89),\"\")","v":""},{"$nulls":3},"FLOOR PLAN"]
[{"$f":"IF(I91<>\"\",1+MAX($A$3:A90),\"\")","v":""}]
[{"$f":"IF(I92<>\"\",1+MAX($A$3:A91),\"\")","v":41},"E1.0","E2.0",null,"Single Pole Switch - 15A",9,{"v":0,"d":"0%"},{"$f":"F92*(1+G92)","v":9},"EA",{"v":22,"d":"$22.00"},{"$f":"J92*H92","v":{"v":198,"d":"$198.00"}},{"v":0.077,"d":"0.08"},{"$f":"L92*H92","v":{"v":0.693,"d":"0.69"}},{"v":6.16,"d":"$6.2"},{"$f":"N92*H92","v":{"v":55.44,"d":"$55.44"}},{"$f":"J92+N92","v":{"v":28.16,"d":"$28.16"}},{"$f":"P92*H92","v":{"v":253.44,"d":"$253.44"}}]
[{"$f":"IF(I93<>\"\",1+MAX($A$3:A92),\"\")","v":42},"E1.0","E2.0",null,"3-Way Switch",2,{"v":0,"d":"0%"},{"$f":"F93*(1+G93)","v":2},"EA",{"v":28,"d":"$28.00"},{"v":56,"d":"$56.00"},{"v":0.098,"d":"0.10"},{"$f":"L93*H93","v":{"v":0.196,"d":"0.20"}},{"v":7.840000000000001,"d":"$7.8"},{"v":15.680000000000001,"d":"$15.68"},{"$f":"J93+N93","v":{"v":35.84,"d":"$35.84"}},{"v":71.68,"d":"$71.68"}]
[{"$f":"IF(I94<>\"\",1+MAX($A$3:A93),\"\")","v":43},"E1.0","E2.0",null,"Toggle Switch, 1Pole, 20Ampere For Exhaust Fan",1,{"v":0,"d":"0%"},{"$f":"F94*(1+G94)","v":1},"EA",{"v":28.22,"d":"$28.22"},{"v":28.22,"d":"$28.22"},{"v":0.09877,"d":"0.10"},{"$f":"L94*H94","v":{"v":0.09877,"d":"0.10"}},{"v":7.9016,"d":"$7.9"},{"v":7.9016,"d":"$7.90"},{"$f":"J94+N94","v":{"v":36.1216,"d":"$36.12"}},{"v":36.1216,"d":"$36.12"}]
[{"$f":"IF(I95<>\"\",1+MAX($A$3:A94),\"\")","v":44},"E1.0","E2.0",null,"Wall Mounted Occupancy Sensor Switch Dual Technology. Basis Of Design, Manufacturer:  Greengage, Model: OSW-DT",19,{"v":0,"d":"0%"},{"$f":"F95*(1+G95)","v":19},"EA",{"v":92,"d":"$92.00"},{"$f":"J95*H95","v":{"v":1748,"d":"$1,748.00"}},{"v":0.322,"d":"0.32"},{"$f":"L95*H95","v":{"v":6.118,"d":"6.12"}},{"v":25.76,"d":"$25.8"},{"$f":"N95*H95","v":{"v":489.44000000000005,"d":"$489.44"}},{"$f":"J95+N95","v":{"v":117.76,"d":"$117.76"}},{"$f":"P95*H95","v":{"v":2237.44,"d":"$2,237.44"}}]
[{"$f":"IF(I96<>\"\",1+MAX($A$3:A95),\"\")","v":45},"E1.0","E2.0",null,"Motor Rated Switch - 30A",2,{"v":0,"d":"0%"},{"$f":"F96*(1+G96)","v":2},"EA",{"v":35,"d":"$35.00"},{"v":70,"d":"$70.00"},{"v":0.12250000000000001,"d":"0.12"},{"$f":"L96*H96","v":{"v":0.24500000000000002,"d":"0.25"}},{"v":9.8,"d":"$9.8"},{"v":19.6,"d":"$19.60"},{"$f":"J96+N96","v":{"v":44.8,"d":"$44.80"}},{"v":89.6,"d":"$89.60"}]
[{"$f":"IF(I97<>\"\",1+MAX($A$3:A96),\"\")","v":""}]
[{"$nulls":10},{"$f":"SUM(K10:K97)","v":{"v":29360.7962,"d":"$29,360.80"}},null,{"$f":"SUM(M10:M97)","v":{"v":105.29616003333334,"d":"105.30"}},null,{"$f":"SUM(O10:O97)","v":{"v":8423.69280266667,"d":"$8,423.69"}}]

{"sheet":"SWITCH GEAR & FEEDERS","index":3,"n_rows":76,"n_cols":18,"rows_kept":76,"merged":[[0,0,0,17],[75,0,75,3],[76,0,76,3]]}
["Estimate of Materials and Cost of Construction"]
[]
[{"$nulls":3},"PROJECT:","PROPOSED DISPENSARY."]
[{"$nulls":3},"ADDRESS:","SUNLAND PARK, NEW MEXICO."]
[{"$nulls":3},"SCOPE:","ELECTRICAL WORK"]
[{"$nulls":3},"DATE","2023-09-15"]
[]
["SR #","REF. SHEET","DETAIL SHEET","CSI SECT.","DESCRIPTION","QTY.","WASTAGE","QTY WITH\nWASTAGE","UNIT OF\nMEASURMENT","UNIT MATERIAL COST","TOTAL MATERIAL COST","UNIT LABOR HOURS","TOTAL LABOR HOURS","UNIT LABOR COST","TOTAL LABOR COST","UNIT COST","TOTAL ITEM\nCOST","TOTAL TRADE\nCOST"]
[{"$f":"IF(I9<>\"\",1+MAX($A$3:A7),\"\")","v":""},null,null,"DIV. 26","ELECTRICAL",{"$nulls":12},{"$f":"SUM(Q11:Q75)","v":{"v":35990.045584,"d":"$35,990.05"}}]
[{"$f":"IF(I10<>\"\",1+MAX($A$3:A9),\"\")","v":""}]
[{"$f":"IF(I11<>\"\",1+MAX($A$3:A10),\"\")","v":""},{"$nulls":3},"PANEL"]
[{"$f":"IF(I12<>\"\",1+MAX($A$3:A11),\"\")","v":""}]
[{"$f":"IF(I13<>\"\",1+MAX($A$3:A12),\"\")","v":1},"E1.0","E1.0",null,"Panelboard \"B\" - Voltage: 120/208V, Phase: 3PH, Ampere: 200A, Wire: 4 ",1,{"v":0,"d":"0%"},{"$f":"F13*(1+G13)","v":1},"EA",{"v":592,"d":"$592.00"},{"$f":"J13*H13","v":{"v":592,"d":"$592.00"}},{"v":2.072,"d":"2.07"},{"$f":"L13*H13","v":{"v":2.072,"d":"2.07"}},{"v":165.76000000000002,"d":"$165.8"},{"$f":"N13*H13","v":{"v":165.76000000000002,"d":"$165.76"}},{"$f":"J13+N13","v":{"v":757.76,"d":"$757.76"}},{"$f":"P13*H13","v":{"v":757.76,"d":"$757.76"}}]
[{"$f":"IF(I14<>\"\",1+MAX($A$3:A13),\"\")","v":""}]
[{"$f":"IF(I15<>\"\",1+MAX($A$3:A14),\"\")","v":""},{"$nulls":3},"PANEL \"B\" CIRCUIT BREAKER"]
[{"$f":"IF(I16<>\"\",1+MAX($A$3:A15),\"\")","v":""}]
[{"$f":"IF(I17<>\"\",1+MAX($A$3:A16),\"\")","v":2},"E1.0","E1.0",null,"Circuit Breaker, Ampere: 20A, Pole: 1P",20,{"v":0,"d":"0%"},{"$f":"F17*(1+G17)","v":20},"EA",{"v":78,"d":"$78.00"},{"$f":"J17*H17","v":{"v":1560,"d":"$1,560.00"}},{"v":0.273,"d":"0.27"},{"$f":"L17*H17","v":{"v":5.460000000000001,"d":"5.46"}},{"v":21.840000000000003,"d":"$21.8"},{"$f":"N17*H17","v":{"v":436.80000000000007,"d":"$436.80"}},{"$f":"J17+N17","v":{"v":99.84,"d":"$99.84"}},{"$f":"P17*H17","v":{"v":1996.8000000000002,"d":"$1,996.80"}}]
[{"$f":"IF(I18<>\"\",1+MAX($A$3:A17),\"\")","v":""}]
[{"$f":"IF(I19<>\"\",1+MAX($A$3:A18),\"\")","v":""},{"$nulls":3},"TRANSFORMER"]
[{"$f":"IF(I20<>\"\",1+MAX($A$3:A19),\"\")","v":""}]
[{"$f":"IF(I21<>\"\",1+MAX($A$3:A20),\"\")","v":3},"E1.0","E1.0",null,"Pole Mounted Utility Transformer, Voltage: 120/208V, Phase: 3PH, Ampere: 600A, Wire: 4W - By Utility Company",1,{"v":0,"d":"0%"},{"$f":"F21*(1+G21)","v":1},"EA",{"v":7500,"d":"$7,500.00"},{"$f":"J21*H21","v":{"v":7500,"d":"$7,500.00"}},26.25,{"$f":"L21*H21","v":26.25},{"v":2100,"d":"$2,100.0"},{"$f":"N21*H21","v":{"v":2100,"d":"$2,100.00"}},{"$f":"J21+N21","v":{"v":9600,"d":"$9,600.00"}},{"$f":"P21*H21","v":{"v":9600,"d":"$9,600.00"}}]
[{"$f":"IF(I22<>\"\",1+MAX($A$3:A21),\"\")","v":""}]
[{"$f":"IF(I23<>\"\",1+MAX($A$3:A22),\"\")","v":""},{"$nulls":3},"CIRCUIT BREAKER"]
[{"$f":"IF(I24<>\"\",1+MAX($A$3:A23),\"\")","v":""}]
[{"$f":"IF(I25<>\"\",1+MAX($A$3:A24),\"\")","v":4},"E1.0","E1.0",null,"Circuit Breaker ,  Voltage: 120V - For Circulating Pump",1,{"v":0,"d":"0%"},{"$f":"F25*(1+G25)","v":1},"EA",{"v":108,"d":"$108.00"},{"$f":"J25*H25","v":{"v":108,"d":"$108.00"}},{"v":0.378,"d":"0.38"},{"$f":"L25*H25","v":{"v":0.378,"d":"0.38"}},{"v":30.240000000000002,"d":"$30.2"},{"$f":"N25*H25","v":{"v":30.240000000000002,"d":"$30.24"}},{"$f":"J25+N25","v":{"v":138.24,"d":"$138.24"}},{"$f":"P25*H25","v":{"v":138.24,"d":"$138.24"}}]
[{"$f":"IF(I26<>\"\",1+MAX($A$3:A25),\"\")","v":""}]
[{"$f":"IF(I27<>\"\",1+MAX($A$3:A26),\"\")","v":""},{"$nulls":3},"DISCONNECT SWITCH"]
[{"$f":"IF(I28<>\"\",1+MAX($A$3:A27),\"\")","v":""}]
[{"$f":"IF(I29<>\"\",1+MAX($A$3:A28),\"\")","v":5},"E1.0","E1.0",null,"Disconnect Switch For Outdoor Unit (Weather Proof)",3,{"v":0,"d":"0%"},{"$f":"F29*(1+G29)","v":3},"EA",{"v":120,"d":"$120.00"},{"$f":"J29*H29","v":{"v":360,"d":"$360.00"}},{"v":0.42000000000000004,"d":"0.42"},{"$f":"L29*H29","v":{"v":1.2600000000000002,"d":"1.26"}},{"v":33.6,"d":"$33.6"},{"$f":"N29*H29","v":{"v":100.80000000000001,"d":"$100.80"}},{"$f":"J29+N29","v":{"v":153.6,"d":"$153.60"}},{"$f":"P29*H29","v":{"v":460.79999999999995,"d":"$460.80"}}]
[{"$f":"IF(I30<>\"\",1+MAX($A$3:A29),\"\")","v":6},"E1.0","E1.0",null,"Disconnect Switch For Indoor Unit (Weather Proof)",2,{"v":0,"d":"0%"},{"$f":"F30*(1+G30)","v":2},"EA",{"v":120,"d":"$120.00"},{"$f":"J30*H30","v":{"v":240,"d":"$240.00"}},{"v":0.42000000000000004,"d":"0.42"},{"v":0.8400000000000001,"d":"0.84"},{"v":33.6,"d":"$33.6"},{"v":67.2,"d":"$67.20"},{"v":153.6,"d":"$153.60"},{"$f":"P30*H30","v":{"v":307.2,"d":"$307.20"}}]
[{"$f":"IF(I31<>\"\",1+MAX($A$3:A30),\"\")","v":7},"E1.0","E1.0",null,"Disconnect Switch For RTU (Weather Proof)",3,{"v":0,"d":"0%"},{"$f":"F31*(1+G31)","v":3},"EA",{"v":120,"d":"$120.00"},{"$f":"J31*H31","v":{"v":360,"d":"$360.00"}},{"v":0.42000000000000004,"d":"0.42"},{"v":1.2600000000000002,"d":"1.26"},{"v":33.6,"d":"$33.6"},{"v":100.80000000000001,"d":"$100.80"},{"v":153.6,"d":"$153.60"},{"$f":"P31*H31","v":{"v":460.79999999999995,"d":"$460.80"}}]
[{"$f":"IF(I32<>\"\",1+MAX($A$3:A31),\"\")","v":8},"E1.0","E1.0",null,"Disconnect Switch For Electric Water Heater (Weather Proof)",1,{"v":0,"d":"0%"},{"$f":"F32*(1+G32)","v":1},"EA",{"v":120,"d":"$120.00"},{"$f":"J32*H32","v":{"v":120,"d":"$120.00"}},{"v":0.42000000000000004,"d":"0.42"},{"v":0.42000000000000004,"d":"0.42"},{"v":33.6,"d":"$33.6"},{"v":33.6,"d":"$33.60"},{"v":153.6,"d":"$153.60"},{"$f":"P32*H32","v":{"v":153.6,"d":"$153.60"}}]
[{"$f":"IF(I33<>\"\",1+MAX($A$3:A32),\"\")","v":""}]
[{"$f":"IF(I34<>\"\",1+MAX($A$3:A33),\"\")","v":""},{"$nulls":3},"METERS"]
[{"$f":"IF(I35<>\"\",1+MAX($A$3:A34),\"\")","v":9},"E1.0","E1.0",null,"Electrical Meter By Power Company",1,{"v":0,"d":"0%"},{"$f":"F35*(1+G35)","v":1},"EA",{"v":700,"d":"$700.00"},{"$f":"J35*H35","v":{"v":700,"d":"$700.00"}},2.45,{"$f":"L35*H35","v":2.45},{"v":196.00000000000003,"d":"$196.0"},{"$f":"N35*H35","v":{"v":196.00000000000003,"d":"$196.00"}},{"$f":"J35+N35","v":{"v":896,"d":"$896.00"}},{"$f":"P35*H35","v":{"v":896,"d":"$896.00"}}]
[{"$f":"IF(I36<>\"\",1+MAX($A$3:A35),\"\")","v":""}]
[{"$f":"IF(I37<>\"\",1+MAX($A$3:A36),\"\")","v":""},{"$nulls":3},"ELECTRICAL EQUIPMENT"]
[{"$f":"IF(I38<>\"\",1+MAX($A$3:A37),\"\")","v":10},"E1.0","E1.0",null,"Proposed Electrical Service Disconnect, Ampere: 600A, Voltage: 208/120V, Phase: 3PH, Wire: 4W, w/ 600Ampere Fuses",1,{"v":0,"d":"0%"},{"$f":"F38*(1+G38)","v":1},"EA",{"v":3684,"d":"$3,684.00"},{"$f":"J38*H38","v":{"v":3684,"d":"$3,684.00"}},{"v":12.894000000000002,"d":"12.89"},{"$f":"L38*H38","v":{"v":12.894000000000002,"d":"12.89"}},{"v":1031.5200000000002,"d":"$1,031.5"},{"$f":"N38*H38","v":{"v":1031.5200000000002,"d":"$1,031.52"}},{"$f":"J38+N38","v":{"v":4715.52,"d":"$4,715.52"}},{"$f":"P38*H38","v":{"v":4715.52,"d":"$4,715.52"}}]
[{"$f":"IF(I39<>\"\",1+MAX($A$3:A38),\"\")","v":11},"E1.0","E1.0",null,"CT Cabinet",1,{"v":0,"d":"0%"},1,"EA",{"v":1497,"d":"$1,497.00"},{"v":1497,"d":"$1,497.00"},2.65,2.65,{"v":212,"d":"$212.0"},{"v":212,"d":"$212.00"},{"v":1709,"d":"$1,709.00"},{"v":1709,"d":"$1,709.00"}]
[{"$f":"IF(I40<>\"\",1+MAX($A$3:A39),\"\")","v":12},"E1.0","E1.0",null,"10\"x10\"x60\" Metering Gutter, Voltage: 120/208V, Phase: 3PH, Wire: 4W",1,{"v":0,"d":"0%"},1,"EA",{"v":650,"d":"$650.00"},{"v":650,"d":"$650.00"},{"v":2.2750000000000004,"d":"2.28"},{"v":2.2750000000000004,"d":"2.28"},{"v":182.00000000000003,"d":"$182.0"},{"v":182.00000000000003,"d":"$182.00"},{"v":832,"d":"$832.00"},{"v":832,"d":"$832.00"}]
[{"$f":"IF(I41<>\"\",1+MAX($A$3:A40),\"\")","v":13},"E1.0","E1.0",null,"Wiring Gutter",1,{"v":0,"d":"0%"},1,"EA",{"v":375,"d":"$375.00"},{"v":375,"d":"$375.00"},{"v":1.3125000000000002,"d":"1.31"},{"v":1.3125000000000002,"d":"1.31"},{"v":105.00000000000001,"d":"$105.0"},{"v":105.00000000000001,"d":"$105.00"},{"v":480,"d":"$480.00"},{"v":480,"d":"$480.00"}]
[{"$f":"IF(I42<>\"\",1+MAX($A$3:A41),\"\")","v":14},"E1.0","E1.0",null,"Weather Head Per Utility Company Standards (10'H)",1,{"v":0,"d":"0%"},1,"EA",{"v":220,"d":"$220.00"},{"v":220,"d":"$220.00"},{"v":0.7700000000000001,"d":"0.77"},{"v":0.7700000000000001,"d":"0.77"},{"v":61.60000000000001,"d":"$61.6"},{"v":61.60000000000001,"d":"$61.60"},{"v":281.6,"d":"$281.60"},{"v":281.6,"d":"$281.60"}]
[{"$f":"IF(I43<>\"\",1+MAX($A$3:A42),\"\")","v":15},"E1.0","E1.0",null,"3/4\" Copper Weld Ground Rods - 10' High",2,{"v":0,"d":"0%"},2,"EA",{"v":65,"d":"$65.00"},{"v":130,"d":"$130.00"},{"v":0.22750000000000004,"d":"0.23"},{"v":0.45500000000000007,"d":"0.46"},{"v":18.200000000000003,"d":"$18.2"},{"v":36.400000000000006,"d":"$36.40"},{"v":83.2,"d":"$83.20"},{"v":166.4,"d":"$166.40"}]
[{"$f":"IF(I44<>\"\",1+MAX($A$3:A43),\"\")","v":""}]
[{"$f":"IF(I45<>\"\",1+MAX($A$3:A44),\"\")","v":""},{"$nulls":3},"SITE PLAN"]
[{"$f":"IF(I46<>\"\",1+MAX($A$3:A45),\"\")","v":""}]
[{"$f":"IF(I47<>\"\",1+MAX($A$3:A46),\"\")","v":""},{"$nulls":3},"ELECTRICAL EQUIPMENT"]
[{"$f":"IF(I48<>\"\",1+MAX($A$3:A47),\"\")","v":16},"E1.0","E1.0",null,"Proposed Electrical Service Pole (15'H)\nNote: Height is Assumed",1,{"v":0,"d":"0%"},{"$f":"F48*(1+G48)","v":1},"EA",{"v":2475,"d":"$2,475.00"},{"$f":"J48*H48","v":{"v":2475,"d":"$2,475.00"}},{"v":8.662500000000001,"d":"8.66"},{"$f":"L48*H48","v":{"v":8.662500000000001,"d":"8.66"}},{"v":693.0000000000001,"d":"$693.0"},{"$f":"N48*H48","v":{"v":693.0000000000001,"d":"$693.00"}},{"$f":"J48+N48","v":{"v":3168,"d":"$3,168.00"}},{"$f":"P48*H48","v":{"v":3168,"d":"$3,168.00"}}]
[{"$f":"IF(I49<>\"\",1+MAX($A$3:A48),\"\")","v":17},"E1.0","E1.0",null,"(4'x1'-6\") AT&T Telephone Box",1,{"v":0,"d":"0%"},{"$f":"F49*(1+G49)","v":1},"EA",{"v":380,"d":"$380.00"},{"$f":"J49*H49","v":{"v":380,"d":"$380.00"}},1.33,1.33,{"v":106.4,"d":"$106.4"},{"v":106.4,"d":"$106.40"},{"v":486.4,"d":"$486.40"},{"$f":"P49*H49","v":{"v":486.4,"d":"$486.40"}}]
[{"$f":"IF(I50<>\"\",1+MAX($A$3:A49),\"\")","v":""}]
[{"$f":"IF(I51<>\"\",1+MAX($A$3:A50),\"\")","v":""},{"$nulls":3},"DISCONNECT SWITCH"]
[{"$f":"IF(I52<>\"\",1+MAX($A$3:A51),\"\")","v":""}]
[{"$f":"IF(I53<>\"\",1+MAX($A$3:A52),\"\")","v":18},"E1.0","E1.0",null,"Disconnect Switch (Weather Proof)",1,{"v":0,"d":"0%"},{"$f":"F53*(1+G53)","v":1},"EA",{"v":120,"d":"$120.00"},{"$f":"J53*H53","v":{"v":120,"d":"$120.00"}},{"v":0.42000000000000004,"d":"0.42"},{"$f":"L53*H53","v":{"v":0.42000000000000004,"d":"0.42"}},{"v":33.6,"d":"$33.6"},{"$f":"N53*H53","v":{"v":33.6,"d":"$33.60"}},{"$f":"J53+N53","v":{"v":153.6,"d":"$153.60"}},{"$f":"P53*H53","v":{"v":153.6,"d":"$153.60"}}]
[{"$f":"IF(I54<>\"\",1+MAX($A$3:A53),\"\")","v":""}]
[{"$f":"IF(I55<>\"\",1+MAX($A$3:A54),\"\")","v":""},{"$nulls":3},"CIRCUITE BREAKER"]
[{"$f":"IF(I56<>\"\",1+MAX($A$3:A55),\"\")","v":""}]
[{"$f":"IF(I57<>\"\",1+MAX($A$3:A56),\"\")","v":19},"E1.0","E1.0",null,"Circuit Breaker, Voltage: 208V, Pole: 2P, Ampere: 30A",1,{"v":0,"d":"0%"},{"$f":"F57*(1+G57)","v":1},"EA",{"v":108,"d":"$108.00"},{"$f":"J57*H57","v":{"v":108,"d":"$108.00"}},{"v":0.378,"d":"0.38"},{"$f":"L57*H57","v":{"v":0.378,"d":"0.38"}},{"v":30.240000000000002,"d":"$30.2"},{"$f":"N57*H57","v":{"v":30.240000000000002,"d":"$30.24"}},{"$f":"J57+N57","v":{"v":138.24,"d":"$138.24"}},{"$f":"P57*H57","v":{"v":138.24,"d":"$138.24"}}]
[{"$f":"IF(I58<>\"\",1+MAX($A$3:A57),\"\")","v":""}]
[{"$f":"IF(I59<>\"\",1+MAX($A$3:A58),\"\")","v":""},{"$nulls":3},"ELECTRICAL POLE"]
[{"$f":"IF(I60<>\"\",1+MAX($A$3:A59),\"\")","v":""}]
[{"$f":"IF(I61<>\"\",1+MAX($A$3:A60),\"\")","v":20},"E1.0","E1.0",null,"Lighting Standard Pole (15'H)\nNote: Height is Assumed",2,{"v":0,"d":"0%"},{"$f":"F61*(1+G61)","v":2},"EA",{"v":2475,"d":"$2,475.00"},{"$f":"J61*H61","v":{"v":4950,"d":"$4,950.00"}},3.25,{"$f":"L61*H61","v":{"v":6.5,"d":"6.50"}},{"v":260,"d":"$260.0"},{"$f":"N61*H61","v":{"v":520,"d":"$520.00"}},{"$f":"J61+N61","v":{"v":2735,"d":"$2,735.00"}},{"$f":"P61*H61","v":{"v":5470,"d":"$5,470.00"}}]
[{"$f":"IF(I62<>\"\",1+MAX($A$3:A61),\"\")","v":21},"E1.0","E1.0",null,"(4\" x 6\") Hand Hole",2,{"v":0,"d":"0%"},{"$f":"F62*(1+G62)","v":2},"EA",{"v":70,"d":"$70.00"},{"$f":"J62*H62","v":{"v":140,"d":"$140.00"}},{"v":0.2975,"d":"0.30"},{"v":0.595,"d":"0.60"},{"v":23.8,"d":"$23.8"},{"$f":"N62*H62","v":{"v":47.6,"d":"$47.60"}},{"v":93.8,"d":"$93.80"},{"$f":"P62*H62","v":{"v":187.6,"d":"$187.60"}}]
[{"$f":"IF(I63<>\"\",1+MAX($A$3:A61),\"\")","v":21},"E1.0","E1.0",null,"Ground Lug In Pole",2,{"v":0,"d":"0%"},2,"EA",{"v":24,"d":"$24.00"},{"v":48,"d":"$48.00"},{"v":0.10200000000000001,"d":"0.10"},{"v":0.20400000000000001,"d":"0.20"},{"v":8.16,"d":"$8.2"},{"v":16.32,"d":"$16.32"},{"v":32.16,"d":"$32.16"},{"v":64.32,"d":"$64.32"}]
[{"$f":"IF(I64<>\"\",1+MAX($A$3:A63),\"\")","v":22},"E1.0","E1.0",null,"(1/2\"Dia x 8'-0\") Copper weld Ground Rod",2,{"v":0,"d":"0%"},2,"EA",{"v":55,"d":"$55.00"},{"v":110,"d":"$110.00"},{"v":0.23375000000000004,"d":"0.23"},{"v":0.4675000000000001,"d":"0.47"},{"v":18.700000000000003,"d":"$18.7"},{"v":37.400000000000006,"d":"$37.40"},{"v":73.7,"d":"$73.70"},{"v":147.4,"d":"$147.40"}]
[{"$f":"IF(I65<>\"\",1+MAX($A$3:A64),\"\")","v":23},"E1.0","E1.0",null,"Cast Bronze Clamp (3/32\" Thickness)",2,{"v":0,"d":"0%"},2,"EA",{"v":16,"d":"$16.00"},{"v":32,"d":"$32.00"},{"v":0.068,"d":"0.07"},{"v":0.136,"d":"0.14"},{"v":5.44,"d":"$5.4"},{"v":10.88,"d":"$10.88"},{"v":21.44,"d":"$21.44"},{"v":42.88,"d":"$42.88"}]
[{"$f":"IF(I66<>\"\",1+MAX($A$3:A65),\"\")","v":24},"E1.0","E1.0",null,"Anchor Bolt Cover ",2,{"v":0,"d":"0%"},2,"EA",{"v":11.5,"d":"$11.50"},{"v":23,"d":"$23.00"},{"v":0.048875,"d":"0.05"},{"v":0.09775,"d":"0.10"},{"v":3.91,"d":"$3.9"},{"v":7.82,"d":"$7.82"},{"v":15.41,"d":"$15.41"},{"v":30.82,"d":"$30.82"}]
[{"$f":"IF(I67<>\"\",1+MAX($A$3:A66),\"\")","v":25},"E1.0","E1.0",null,"Anchor Bolt",8,{"v":0,"d":"0%"},8,"EA",{"v":75,"d":"$75.00"},{"v":600,"d":"$600.00"},{"v":0.31875000000000003,"d":"0.32"},{"v":2.5500000000000003,"d":"2.55"},{"v":25.500000000000004,"d":"$25.5"},{"v":204.00000000000003,"d":"$204.00"},{"v":100.5,"d":"$100.50"},{"v":804,"d":"$804.00"}]
[{"$f":"IF(I68<>\"\",1+MAX($A$3:A67),\"\")","v":""}]
[{"$f":"IF(I69<>\"\",1+MAX($A$3:A68),\"\")","v":26},"E1.0","E1.0",null,"24\" Circular Concrete Base (6'h)\nNote: Size & Depth Assumed",{"v":2.09,"d":"2"},{"v":0.1,"d":"10%"},{"$f":"F69*(1+G69)","v":{"v":2.299,"d":"2"}},"CY",{"$f":"P69*0.53","v":{"v":304.75,"d":"$304.75"}},{"$f":"J69*H69","v":{"v":700.6202499999999,"d":"$700.62"}},{"v":3.378125,"d":"3.38"},{"$f":"L69*H69","v":{"v":7.766309375,"d":"7.77"}},{"v":270.25,"d":"$270.3"},{"$f":"N69*H69","v":{"v":621.30475,"d":"$621.30"}},{"v":575,"d":"$575.00"},{"$f":"P69*H69","v":{"v":1321.925,"d":"$1,321.93"}}]
[{"$f":"IF(I70<>\"\",1+MAX($A$3:A69),\"\")","v":27},"E1.0","E1.0",null,"4#6 Bars Vertical\nNote: We Assumed Reinforcement",{"$f":"4*3*6*1.5","v":108},{"v":0.1,"d":"10%"},{"$f":"F70*(1+G70)","v":{"v":118.80000000000001,"d":"119"}},"LBS",{"$f":"P70*0.53","v":{"v":1.6960000000000002,"d":"$1.70"}},{"$f":"J70*H70","v":{"v":201.48480000000004,"d":"$201.48"}},{"v":0.0188,"d":"0.02"},{"$f":"L70*H70","v":{"v":2.2334400000000003,"d":"2.23"}},{"v":1.504,"d":"$1.5"},{"$f":"N70*H70","v":{"v":178.67520000000002,"d":"$178.68"}},{"v":3.2,"d":"$3.20"},{"$f":"P70*H70","v":{"v":380.1600000000001,"d":"$380.16"}}]
[{"$f":"IF(I71<>\"\",1+MAX($A$3:A70),\"\")","v":28},"E1.0","E1.0",null,"#3 Stirrups @ 9\" O.C. \nNote: We Assumed Reinforcement",{"$f":"6/0.75*6.28*3*0.376","v":{"v":56.67072,"d":"57"}},{"v":0.1,"d":"10%"},{"$f":"F71*(1+G71)","v":{"v":62.33779200000001,"d":"62"}},"LBS",{"v":1.06,"d":"$1.06"},{"$f":"J71*H71","v":{"v":66.07805952000001,"d":"$66.08"}},{"v":0.01175,"d":"0.01"},{"$f":"L71*H71","v":{"v":0.7324690560000001,"d":"0.73"}},{"v":0.94,"d":"$0.9"},{"$f":"N71*H71","v":{"v":58.597524480000004,"d":"$58.60"}},{"v":2,"d":"$2.00"},{"$f":"P71*H71","v":{"v":124.67558400000001,"d":"$124.68"}}]
[{"$f":"IF(I72<>\"\",1+MAX($A$3:A71),\"\")","v":""}]
[{"$f":"IF(I73<>\"\",1+MAX($A$3:A72),\"\")","v":29},"E1.0","E1.0",null,"Excavation (For Lighting & Service Pole Footings)",{"v":4.32,"d":"4"},{"v":0.1,"d":"10%"},{"$f":"F73*(1+G73)","v":{"v":4.752000000000001,"d":"5"}},"CY",null,null,1.06,{"$f":"L73*H73","v":{"v":5.037120000000001,"d":"5.04"}},{"v":84.80000000000001,"d":"$84.8"},{"$f":"N73*H73","v":{"v":402.9696000000001,"d":"$402.97"}},{"v":85,"d":"$85.00"},{"$f":"P73*H73","v":{"v":403.9200000000001,"d":"$403.92"}}]
[{"$f":"IF(I74<>\"\",1+MAX($A$3:A73),\"\")","v":30},"E1.0","E1.0",null,"Backfill (For Lighting & Service Pole Footings)",{"$f":"F73-F69","v":{"v":2.2300000000000004,"d":"2"}},{"v":0.1,"d":"10%"},{"$f":"F74*(1+G74)","v":{"v":2.4530000000000007,"d":"2"}},"CY",null,null,0.56,{"$f":"L74*H74","v":{"v":1.3736800000000005,"d":"1.37"}},{"v":44.800000000000004,"d":"$44.8"},{"$f":"N74*H74","v":{"v":109.89440000000005,"d":"$109.89"}},{"v":45,"d":"$45.00"},{"$f":"P74*H74","v":{"v":110.38500000000003,"d":"$110.39"}}]
[{"$f":"IF(I75<>\"\",1+MAX($A$3:A34),\"\")","v":""}]
[{"$nulls":10},{"$f":"SUM(K11:K75)","v":{"v":28050.18310952,"d":"$28,050.18"}},null,{"$f":"SUM(M11:M75)","v":{"v":99.23026843100001,"d":"99.23"}},null,{"$f":"SUM(O11:O75)","v":{"v":7938.42147448,"d":"$7,938.42"}}]